| 000 | 00553nam a2200193Ia 4500 | ||
|---|---|---|---|
| 005 | 20250813110953.0 | ||
| 008 | 008 250516s9999 xx 000 0 hin d | ||
| 020 | _a9789395328036 | ||
| 040 |
_beng _cSDCL |
||
| 041 |
_ahin _2hin |
||
| 084 | _aO152,3N43x R3 | ||
| 100 |
_aMudgal, Chitra _9392716 |
||
| 245 | 0 | _aJagdamba Babu Gaon Aa Rahe Hai | |
| 246 | _aजगदम्बा बाबु गाँव आ रहे हैं | ||
| 260 |
_aDelhi: _bRajkamal Prakashan, _c2023. |
||
| 300 | _a117p. | ||
| 650 | _aHindi | ||
| 942 |
_cTEXL _2CC |
||
| 999 |
_c1429386 _d1429386 |
||